Movies Quiz

Random Movies or Blitz Quiz

Movie Title Blitz Quiz Stats

 Plays Quiz Updated Jul 11, 2016

Challenge
Share
Tweet
Embed
Score 0/75 Timer 03:00
2 Plays Today
Beginning Words Last Word % Correct
West SideStory
96.1%
Schindler'sList
96%
The Nightmare BeforeChristmas
95.6%
One Flew Over the Cuckoo'sNest
95.6%
No Country for OldMen
95.2%
The Devil WearsPrada
94.6%
Monster'sBall
93.6%
Ferris Bueller's DayOff
93.3%
MoulinRouge!
92.7%
Beauty and theBeast
91.8%
V forVendetta
91.5%
Blair WitchProject
91.2%
Gone in 60Seconds
90.8%
Sweet HomeAlabama
90%
Behind EnemyLines
89.6%
The ShawshankRedemption
88.8%
Fiddler on theRoof
88.2%
ApocalypseNow
87.8%
Fun with Dick andJane
86.6%
A League of TheirOwn
86.5%
Mission:Impossible
86%
Blast from thePast
85.6%
The TrumanShow
84.5%
Driving MissDaisy
84.2%
A Knight'sTale
83.4%
White Men Can'tJump
81.9%
SixteenCandles
79.3%
Guys andDolls
78.9%
101Dalmatians
78.8%
Fast and theFurious
77.8%
PulpFiction
77.4%
A Fish CalledWanda
76.8%
North ByNorthwest
76.1%
BrokebackMountain
73.9%
A Streetcar NamedDesire
73.2%
A ClockworkOrange
72.8%
Dead PoetsSociety
72.4%
10 Things I Hate AboutYou
71.4%
Beginning Words Last Word % Correct
Planes, Trains, andAutomobiles
71.3%
3:10 toYuma
71.3%
The Boy in the StripedPajamas
70.5%
Saving PrivateRyan
69.9%
Silence of the Lambs
69.3%
ReservoirDogs
68.9%
There's Something AboutMary
68.6%
Requiem for aDream
68%
Cool HandLuke
66.1%
Singin' in the Rain
65.7%
The DeerHunter
64.4%
Lock, Stock, and Two SmokingBarrels
63.9%
The World is NotEnough
62.7%
Bridge on the RiverKwai
62.4%
How To Train Your Dragon
61.2%
The MalteseFalcon
60.7%
The Grapes of Wrath
60.5%
Rachel GettingMarried
59.9%
Mr. Smith Goes toWashington
59.3%
Pan'sLabyrinth
57.1%
GranTorino
57.1%
Throw Mama from theTrain
56.1%
Eternal Sunshine of the SpotlessMind
56%
The ManchurianCandidate
53.2%
Vicky CristinaBarcelona
52.1%
Thank You forSmoking
51.9%
AeonFlux
49.2%
RevolutionaryRoad
49.1%
Benny andJoon
48.2%
SpiritedAway
45.2%
EdWood
44.5%
Legends of theFall
44%
The Secret Life ofBees
41.7%
Postcards from theEdge
33.9%
The House of FlyingDaggers
32.2%
Howl's MovingCastle
27.6%
Kelly'sHeroes
25.2%

You're not logged in!

Compare scores with friends on all Sporcle quizzes.
Join for Free
OR
Log In

You Might Also Like...

Show Comments

Extras

Top Quizzes Today


Score Distribution

Your Account Isn't Verified!

In order to create a playlist on Sporcle, you need to verify the email address you used during registration. Go to your Sporcle Settings to finish the process.

Report this User

Report this user for behavior that violates our Community Guidelines.

Details: